| 000 | 00425nam a2200157Ia 4500 | ||
|---|---|---|---|
| 003 | GCL | ||
| 008 | 140319s9999 xx 000 0 eng d | ||
| 040 |
_aGCL / _cGCL |
||
| 082 | 0 | 4 |
_a721 _bG S |
| 100 | 1 | _aGAULD, BRYAN J. B. | |
| 245 | 1 | 0 |
_aSTRUCTURES FOR ARCHITECTS / _cGAULD, BRYAN J. B. |
| 260 |
_a[S.N] : _bLONG SCIEN KIFIC & TECHMICAL ، _c1995 |
||
| 300 | _a169 P | ||
| 650 | 0 | 4 | _aSTRUCTURE ARCHITECTS |
| 942 |
_2ddc _cBK |
||
| 999 |
_c12741 _d12741 |
||